ARRUPE JESUIT UNIVERSITY

CORONAVIRUS -STOP THE SPREAD - CLEAN,DISINFECT,COVER

Logic / (Record no. 119010)

MARC details
000 -LEADER
fixed length control field 00701nam a2200253 i 4500
001 - CONTROL NUMBER
control field 1798700
003 - CONTROL NUMBER IDENTIFIER
control field ARRUPE
005 - DATE AND TIME OF LATEST TRANSACTION
control field 20131203173622.0
008 - FIXED-LENGTH DATA ELEMENTS--GENERAL INFORMATION
fixed length control field 790118s1977 enka b 001 0 eng
010 ## - LIBRARY OF CONGRESS CONTROL NUMBER
LC control number 78324339
015 ## - NATIONAL BIBLIOGRAPHY NUMBER
National bibliography number GB78-05753
020 ## - INTERNATIONAL STANDARD BOOK NUMBER
International Standard Book Number 0140219854 :
Terms of availability £1.25
040 ## - CATALOGING SOURCE
Original cataloging agency DLC
Transcribing agency DLC
Modifying agency DLC
050 00 - LIBRARY OF CONGRESS CALL NUMBER
Classification number BC108
Item number .H58
300 ## - PHYSICAL DESCRIPTION
Other physical details ill. ;
Dimensions 19 cm.
100 1# - MAIN ENTRY--PERSONAL NAME
Personal name Hodges, Wilfrid.
9 (RLIN) 4897
245 10 - TITLE STATEMENT
Title Logic /
Statement of responsibility, etc by Wilfrid Hodges.
260 ## - PUBLICATION, DISTRIBUTION, ETC. (IMPRINT)
Place of publication, distribution, etc Harmondsworth ;
-- New York :
Name of publisher, distributor, etc Penguin,
Date of publication, distribution, etc 1977.
300 ## - PHYSICAL DESCRIPTION
Extent 331 p. :
500 ## - GENERAL NOTE
General note Includes index.
504 ## - BIBLIOGRAPHY, ETC. NOTE
Bibliography, etc Bibliography: p. 325.
650 #0 - SUBJECT ADDED ENTRY--TOPICAL TERM
Topical term or geographic name as entry element Logic.
9 (RLIN) 4898
906 ## - LOCAL DATA ELEMENT F, LDF (RLIN)
a 7
b cbc
c orignew
d 4
e ncip
f 19
g y-gencatlg
942 ## - ADDED ENTRY ELEMENTS (KOHA)
Source of classification or shelving scheme Library of Congress Classification
Koha item type Monograph ( Printed materials)
Holdings
Withdrawn status Lost status Source of classification or shelving scheme Damaged status Not for loan Collection code Home library Current library Shelving location Date acquired Total Checkouts Full call number Barcode Date last seen Price effective from Koha item type
    Library of Congress Classification     Main Collection ARRUPE LIBRARY ARRUPE LIBRARY Main Collection 03/12/2013   BC108 .H58 46410361 31/08/2016 03/12/2013 Monograph ( Printed materials)

 

Arrupe Library. PO Box MP320 Mt Pleasant, Harare, Zimbabwe
263 242 745411|librarian@aju.ac.zw